000 00655cam a22002172 4500
001 0000009129
005 20151217145846.0
008 080904s xx 000 0 eng d
020 _a0340889473 :
_cKES 960
040 _aKABU
_cKABU
100 1 _aTurner, Chris.
_@0000160179
245 1 0 _aEmployment law /
_cChris Turner.
250 _a2nd ed.
260 _aLondon :
_bHodder Arnold,
_c2005.
300 _avii, 145 p.
650 0 _aLabour laws
_zGreat Britain.
_@0000160181
908 _a080904
950 _@1
999 _c3377
_d3377